Cartas desde la Manga / (Record no. 180935)

MARC details
000 -LEADER
campo de control de longitud fija 00698nam a2200181 i 4500
001 - NÚMERO DE CONTROL
campo de control 180935
003 - IDENTIFICADOR DE NÚMERO DE CONTROL
campo de control ES-MaACL
005 - FECHA Y HORA DE LA ÚLTIMA TRANSACCIÓN
campo de control 20230906221225.0
008 - DATOS DE LONGITUD FIJA--INFORMACIÓN GENERAL
campo de control de longitud fija 120831s1991 sp |||| | spa d
100 1# - ENTRADA PRINCIPAL--NOMBRE DE PERSONA
Nombre de persona Martínez Pastor, Manuel.
9 (RLIN) 151381
245 10 - MENCIÓN DEL TÍTULO
Título Cartas desde la Manga /
Mención de responsabilidad, etc. Manuel Martínez Pastor y Eugenio Martínez Pastor.
260 ## - PUBLICACIÓN, DISTRIBUCIÓN, ETC.
Lugar de publicación, distribución, etc. Cartagena :
Nombre del editor, distribuidor, etc. Agua,
Fecha de publicación, distribución, etc. 1991.
300 ## - DESCRIPCIÓN FÍSICA
Extensión 22 p. :
Otras características físicas il. ;
Dimensiones 24 cm.
505 8# - NOTA DE CONTENIDO CON FORMATO
Nota de contenido con formato Contiene: Cartas desde la Manga (I) / por Manuel Martínez Pastor y Cartas desde la Manga (II) / por Eugenio Martínez Pastor
651 #4 - PUNTO DE ACCESO ADICIONAL DE MATERIA--NOMBRE GEOGRÁFICO
Nombre geográfico URSS-
Subdivisión general Situación social-
Subdivisión cronológica 1945-1989.
9 (RLIN) 144379
700 0# - ENTRADA AGREGADA--NOMBRE PERSONAL
Nombre de persona Martínez Pastor, Eugenio.
9 (RLIN) 78311
852 ## - LOCALIZACIÓN
Ubicación ES-MaACL
Número de control de estantería 2318-F-18
Holdings
Estatus retirado Estado de pérdida Estado de daño No para préstamo Colección Biblioteca de origen Biblioteca actual Ubicación en estantería Fecha de adquisición Fuente de adquisición Total de préstamos Signatura topográfica completa Código de barras Visto por última vez Precio de reemplazo Tipo de ítem Koha
        Colección de folletos Biblioteca del Ateneo de Madrid Biblioteca del Ateneo de Madrid Depósito folletos 31/08/2012     2318-F-18 1190132 23/02/2023 23/02/2023 Folleto